[Event "VI Open"]
[Site "Crema ITA"]
[Date "2004.09.05"]
[Round "6"]
[White "Villalba, Fernando"]
[Black "Acunzo, Domenico"]
[Result "1-0"]
[WhiteElo "1650"]
[BlackElo "1732"]
[PlyCount "45"]
[EventDate "2004.09.03"]

1. e4 e6 2. d4 d5 3. exd5 exd5 4. Nf3 Nf6 5. Nc3 Be7 6. Bd3 Nc6 7. Be3 O-O 8.
a3 Re8 9. O-O a6 10. Ne2 Bg4 11. Ng3 Qd6 12. h3 Bd7 13. Qc1 Nd8 14. c3 Bf8 15.
Bf4 Qb6 16. Ne5 Bb5 17. Bxb5 axb5 18. Qd1 Ne6 19. Be3 Rad8 20. Qf3 c5 21. Ng4
Nxg4 22. Qxg4 g6 23. Rad1 {...} 1-0

[Event "C.to Unione Europea U14"]
[Site "Mureck AUT"]
[Date "2004.08.23"]
[Round "1"]
[White "Greco, Sara"]
[Black "Baptista, Ana Filipa"]
[Result "0-1"]
[WhiteElo "1589"]
[BlackElo "2062"]
[PlyCount "66"]
[EventDate "2004.08.23"]

1. e4 d5 2. exd5 Qxd5 3. Nc3 Qa5 4. d3 Nf6 5. Bd2 c6 6. Nf3 Bg4 7. Be2 Nbd7 8.
O-O e6 9. Re1 Qc7 10. h3 Bh5 11. Nd4 Bg6 12. a3 a5 13. Rb1 a4 14. Bf1 Bd6 15.
Be2 Qb6 16. Nf3 Bc5 17. Rf1 O-O 18. Bf4 Bh5 19. Ne5 Nxe5 20. Bxe5 Nd7 21. d4
Bxe2 22. Qxe2 Nxe5 23. dxe5 Bd4 24. Na2 Ra5 25. Nb4 Rxe5 26. Qd2 Rf5 27. Nd3
Rd8 28. c3 Bf6 29. Qe2 Rfd5 30. Rbd1 Qa6 31. Nf4 Qxe2 32. Rxd5 Qxf1+ 33. Kxf1
cxd5 0-1

[Event "C.to Unione Europea U14"]
[Site "Mureck AUT"]
[Date "2004.08.23"]
[Round "1"]
[White "Hrabusa, Matej"]
[Black "Locci, Damiano"]
[Result "0-1"]
[WhiteElo "2029"]
[BlackElo "1901"]
[PlyCount "107"]
[EventDate "2004.08.23"]

1. e4 e6 2. d4 d5 3. e5 c5 4. c3 Nc6 5. Nf3 Qb6 6. a3 c4 7. Nbd2 Na5 8. Be2 Bd7
9. O-O Qc6 10. b4 cxb3 11. Nxb3 Qxc3 12. Nxa5 Qxa5 13. Bd2 Qa4 14. Qb1 Rb8 15.
Rc1 b5 16. Bb4 Be7 17. Qb2 Qa6 18. a4 Qb6 19. axb5 Bxb4 20. Qxb4 a6 21. Rc5
axb5 22. Ra5 Qd8 23. Ra7 Ne7 24. Rcc7 Nc6 25. Qd6 Nxa7 26. Rxd7 Qxd7 27. Qxb8+
Qc8 28. Bxb5+ Kf8 29. Qxa7 Qc1+ 30. Bf1 g6 31. h4 h6 32. Qc5+ Qxc5 33. dxc5 Ke7
34. Nd4 Ra8 35. Bb5 Kd8 36. f4 Ra2 37. h5 gxh5 38. f5 Rd2 39. fxe6 Rxd4 40.
exf7 Ke7 41. Be8 Re4 42. c6 Rxe5 43. Kf2 d4 44. Bd7 Rc5 45. Ke2 Rc3 46. Be8 h4
47. c7 Rxc7 48. Kd3 Kf8 49. Bb5 Rc5 50. Bd7 Rd5 51. Be6 Rd6 52. Bc4 Rb6 53. Bd5
Rb4 54. Ke2 0-1

[Event "C.to Unione Europea U14"]
[Site "Mureck AUT"]
[Date "2004.08.24"]
[Round "2"]
[White "Locci, Damiano"]
[Black "Burg, Twan"]
[Result "0-1"]
[WhiteElo "1901"]
[BlackElo "2062"]
[PlyCount "120"]
[EventDate "2004.08.23"]

1. c4 Nf6 2. Nc3 d6 3. d4 g6 4. b3 Bg7 5. Bb2 O-O 6. g3 Nbd7 7. Bg2 c6 8. Nf3
Qa5 9. O-O Qh5 10. Qd3 a6 11. Rfd1 Ne8 12. Rab1 f5 13. d5 Nc5 14. Qe3 e5 15.
Qg5 Qxg5 16. Nxg5 h6 17. b4 hxg5 18. bxc5 dxc5 19. dxc6 bxc6 20. Bxc6 Rb8 21.
Na4 Nc7 22. Nxc5 Ne6 23. Bd5 Re8 24. Ba3 Rxb1 25. Rxb1 Kh7 26. Nxe6 Bxe6 27.
Bxe6 Rxe6 28. Rb7 Kh6 29. Rb8 f4 30. c5 e4 31. Rb6 Re8 32. c6 f3 33. e3 Rd8 34.
Rb1 Be5 35. Rc1 Rd2 36. h3 Rxa2 37. Bf8+ Kh7 38. c7 Bxc7 39. Rxc7+ Kg8 40. Bg7
Rd2 41. Bd4 Rd1+ 42. Kh2 Rd2 43. Rg7+ Kf8 44. Rxg6 Rxf2+ 45. Kg1 Rg2+ 46. Kf1
Rxg3 47. Rxa6 Rxh3 48. Rg6 Rh1+ 49. Kf2 Rh2+ 50. Kg3 Rg2+ 51. Kh3 g4+ 52. Kh4
f2 53. Rf6+ Ke7 54. Rf4 Kd6 55. Rf8 Kd5 56. Rf5+ Kc4 57. Rxf2 Rxf2 58. Kxg4 Kd3
59. Kg3 Rf3+ 60. Kg2 Rxe3 0-1

[Event "C.to Unione Europea U14"]
[Site "Mureck AUT"]
[Date "2004.08.27"]
[Round "5"]
[White "Locci, Damiano"]
[Black "Radnetter, Georg"]
[Result "0-1"]
[WhiteElo "1901"]
[BlackElo "1898"]
[PlyCount "84"]
[EventDate "2004.08.23"]

1. Nf3 e6 2. c4 f5 3. Nc3 Nf6 4. g3 Be7 5. Bg2 O-O 6. O-O c6 7. d4 d5 8. c5 b6
9. b4 a5 10. bxa5 bxc5 11. Rb1 Qxa5 12. Bd2 Qa7 13. dxc5 Bxc5 14. Qc2 Nbd7 15.
Ng5 Ne5 16. Na4 Bxf2+ 17. Rxf2 Qxa4 18. Qc3 Nc4 19. Bf4 h6 20. Nf3 Ne4 21. Qd4
Nxf2 22. Kxf2 Qxa2 23. Rc1 Qa7 24. Qxa7 Rxa7 25. Ne5 Nxe5 26. Bxe5 Bd7 27. Bf3
Rfa8 28. Bh5 Ra5 29. Bd6 Ra1 30. Rc2 R8a2 31. Rc3 Rb1 32. Bf3 Rb5 33. Ke3 g5
34. h3 g4 35. hxg4 fxg4 36. Bg2 d4+ 37. Kxd4 Rxe2 38. Bh1 Rd2+ 39. Rd3 Rxd3+
40. Kxd3 Rb1 41. Be4 Rd1+ 42. Kc4 Rxd6 0-1

[Event "C.to Unione Europea U16"]
[Site "Mureck AUT"]
[Date "2004.08.23"]
[Round "1"]
[White "Lai, Silvia"]
[Black "Remete, Zsuzsa"]
[Result "1/2-1/2"]
[WhiteElo "1688"]
[BlackElo "2086"]
[PlyCount "124"]
[EventDate "2004.08.23"]

1. e4 c5 2. Nf3 d6 3. d4 Nf6 4. Nc3 cxd4 5. Nxd4 g6 6. Bc4 Bg7 7. O-O O-O 8.
Kh1 Nc6 9. f4 Nxe4 10. Nxc6 Nxc3 11. Nxd8 Nxd1 12. Nxf7 Bxb2 13. Bxb2 Nxb2 14.
Nxd6+ Nxc4 15. Nxc4 Bf5 16. Ne3 Be4 17. Kg1 Rac8 18. Rab1 b6 19. Rf2 Rc5 20.
Rb4 Ba8 21. Rd4 Ra5 22. c3 Rc8 23. Rc2 Rac5 24. Rd7 Be4 25. Re2 Rxc3 26. Rxa7
Kf7 27. Nf1 R3c4 28. Nd2 Rc1+ 29. Kf2 Bd5 30. Rexe7+ Kf6 31. Ne4+ Bxe4 32. Rxe4
Kf5 33. Re3 Rf8 34. Rxh7 Rc2+ 35. Re2 Rxe2+ 36. Kxe2 Kxf4 37. Re7 Ra8 38. g3+
Kf5 39. h3 Rxa2+ 40. Kf3 Ra3+ 41. Kf2 Rb3 42. Rc7 b5 43. Rc6 b4 44. h4 Rc3 45.
Rb6 b3 46. Rb4 Ke5 47. g4 Kd5 48. Ke2 Kc5 49. Rb8 Kc4 50. Kd2 Rc2+ 51. Kd1 Kc3
52. Rc8+ Kb2 53. Rb8 Rc3 54. h5 gxh5 55. gxh5 Rh3 56. Rb5 Kb1 57. h6 b2 58. Rb6
Rh5 59. Rd6 Rh4 60. Kd2 Rh2+ 61. Kd1 Rh4 62. Kd2 Rh2+ 1/2-1/2

[Event "C.to Unione Europea U16"]
[Site "Mureck AUT"]
[Date "2004.08.24"]
[Round "2"]
[White "Fossati, Remigio"]
[Black "Dourerassou, Jonathan"]
[Result "0-1"]
[WhiteElo "2104"]
[BlackElo "2348"]
[PlyCount "134"]
[EventDate "2004.08.23"]

1. e4 e6 2. d4 d5 3. Nd2 Nf6 4. e5 Nfd7 5. Bd3 c5 6. c3 Nc6 7. Ne2 cxd4 8. cxd4
f6 9. exf6 Nxf6 10. Nf3 Bd6 11. O-O Qc7 12. Bg5 O-O 13. Bh4 Nh5 14. Qc2 h6 15.
Bh7+ Kh8 16. Bg6 Rxf3 17. Bxh5 Rf8 18. Bg3 Bd7 19. Bxd6 Qxd6 20. f4 Nb4 21. Qd2
Bb5 22. a3 Nc6 23. Rf2 Qc7 24. Nc3 Bc4 25. Qe3 Rf6 26. g3 Raf8 27. Rd2 Na5 28.
Re1 Ba6 29. Be2 Bxe2 30. Rdxe2 Nc4 31. Qd3 Qf7 32. b3 Nd6 33. Re5 b6 34. a4 Rc8
35. R1e2 Nf5 36. Rc2 Rg6 37. Nd1 Rc7 38. Kh1 Rf6 39. Rc3 Nd6 40. Rxc7 Qxc7 41.
Ne3 Nf5 42. Kg2 Qd6 43. Nxd5 Rf8 44. Ne3 Nxd4 45. Nc4 Qc6+ 46. Re4 Nxb3 47. Ne5
Qb7 48. Ng6+ Kg8 49. Nxf8 Nc5 50. Qf3 Nxe4 51. Nxe6 Qd5 52. f5 Qa2+ 53. Kh3
Qxe6 54. fxe6 Ng5+ 55. Kg2 Nxf3 56. Kxf3 Kf8 57. Ke4 Ke7 58. Kd5 a6 59. Kc6 b5
60. axb5 axb5 61. Kxb5 Kxe6 62. Kc4 Kf5 63. Kd5 Kg4 64. Ke6 Kh3 65. Kf7 g5 66.
Kg6 Kxh2 67. Kxh6 g4 0-1

[Event "C.to Unione Europea U16"]
[Site "Mureck AUT"]
[Date "2004.08.25"]
[Round "3"]
[White "Wolfram, Kevin"]
[Black "Fossati, Remigio"]
[Result "0-1"]
[WhiteElo "1989"]
[BlackElo "2104"]
[PlyCount "62"]
[EventDate "2004.08.23"]

1. e4 c5 2. Nf3 d6 3. c3 Nf6 4. Bd3 e5 5. O-O Nc6 6. Bc2 d5 7. exd5 Qxd5 8. d3
Bg4 9. Bb3 Qd7 10. h3 Bh5 11. Qe2 Be7 12. Bg5 Rd8 13. Rd1 O-O 14. Na3 Rfe8 15.
Rd2 Nd5 16. Bxe7 Rxe7 17. Rad1 Nf4 18. Qe3 Qf5 19. Kf1 Qf6 20. Nc2 Nxh3 21.
Nce1 Nf4 22. Rc1 Nd4 23. Bd1 Bg6 24. c4 e4 25. dxe4 Bxe4 26. Qa3 Qh6 27. Ng1
Nxg2 28. Qc3 Nxe1 29. Kxe1 Bd3+ 30. Be2 Bxe2 31. Nxe2 Qh1# 0-1

[Event "C.to Unione Europea U16"]
[Site "Mureck AUT"]
[Date "2004.08.26"]
[Round "4"]
[White "Fossati, Remigio"]
[Black "Farkas, Gabor"]
[Result "0-1"]
[WhiteElo "2104"]
[BlackElo "1973"]
[PlyCount "80"]
[EventDate "2004.08.23"]

1. e4 c5 2. Nf3 Nc6 3. Bb5 d6 4. O-O Bd7 5. Re1 e6 6. c3 Be7 7. d4 cxd4 8. cxd4
Nf6 9. Nc3 O-O 10. Bg5 Rc8 11. Qe2 a6 12. Bd3 e5 13. d5 Nb8 14. a4 Bg4 15. Be3
Nbd7 16. a5 Nc5 17. Bc2 Qe8 18. Rec1 Nfxe4 19. Nxe4 Nxe4 20. Ba4 Bd7 21. Rxc8
Qxc8 22. Rc1 Qe8 23. Bxd7 Qxd7 24. Bb6 Qa4 25. Rc7 Bd8 26. Rxb7 Bxb6 27. axb6
Nc5 28. Rc7 Qb3 29. Nxe5 Qxd5 30. Nc6 Qb3 31. Ne7+ Kh8 32. Nc8 Kg8 33. h3 h6
34. Qe7 Qxb2 35. Rxc5 dxc5 36. Qc7 Re8 37. Qxc5 Qa1+ 38. Kh2 Qe5+ 39. Qxe5 Rxe5
40. Nd6 Re1 0-1

[Event "C.to Unione Europea U16"]
[Site "Mureck AUT"]
[Date "2004.08.28"]
[Round "6"]
[White "Ertl, Paul"]
[Black "Lai, Silvia"]
[Result "1/2-1/2"]
[WhiteElo "1947"]
[BlackElo "1688"]
[PlyCount "71"]
[EventDate "2004.08.23"]

1. e4 d5 2. exd5 Qxd5 3. Nc3 Qd6 4. d4 Nf6 5. Nf3 a6 6. g3 b5 7. Bg2 Bb7 8. O-O
e6 9. Re1 Be7 10. Bf4 Qb6 11. Ne5 Bxg2 12. Kxg2 Qb7+ 13. Kg1 O-O 14. Qe2 c5 15.
Rad1 cxd4 16. Rxd4 Nc6 17. Qf3 Rac8 18. Rd2 Qb6 19. Ne4 Nd4 20. Qd1 Rfd8 21.
Be3 Nxe4 22. Bxd4 Qb7 23. Qf3 f5 24. Qb3 Rd6 25. Qf3 Rcd8 26. c3 Bf6 27. Rdd1
Qa8 28. Qh5 Qb7 29. Qe2 Ng5 30. h4 Bxe5 31. hxg5 Bxd4 32. Rxd4 Qe7 33. Red1 e5
34. a3 e4 35. Qe3 Kf7 36. Qf4 1/2-1/2

[Event "C.to Unione Europea U16"]
[Site "Mureck AUT"]
[Date "2004.08.28"]
[Round "6"]
[White "Kozjukova, Olga"]
[Black "Fossati, Remigio"]
[Result "1/2-1/2"]
[WhiteElo "1985"]
[BlackElo "2104"]
[PlyCount "79"]
[EventDate "2004.08.23"]

1. e4 c5 2. Nf3 d6 3. d4 cxd4 4. Nxd4 Nf6 5. Nc3 e6 6. Be2 Be7 7. O-O Nc6 8.
Be3 O-O 9. Kh1 Qc7 10. f4 a6 11. a4 Rd8 12. Nb3 b6 13. Bf3 Rb8 14. Qe2 Na5 15.
Nd2 d5 16. e5 Nd7 17. Bxd5 Nxe5 18. Ba2 Nd7 19. f5 Nf6 20. fxe6 Bxe6 21. Bxe6
fxe6 22. Bf4 Bd6 23. Qxe6+ Qf7 24. Qxf7+ Kxf7 25. Nde4 Bxf4 26. Rxf4 Rbc8 27.
Raf1 Rc6 28. Nxf6 Rxf6 29. Rxf6+ gxf6 30. Ne4 Ke6 31. Re1 Kf5 32. Kg1 Nc4 33.
b3 Ne5 34. Re2 Ng4 35. Re1 Kf4 36. h3 Ne3 37. Nxf6 Rd2 38. g4 Rxc2 39. Nh5+ Kf3
40. Rb1 1/2-1/2

[Event "C.to Unione Europea U16"]
[Site "Mureck AUT"]
[Date "2004.08.29"]
[Round "7"]
[White "Fossati, Remigio"]
[Black "Zdziarska, Lidia"]
[Result "1-0"]
[WhiteElo "2104"]
[BlackElo "1906"]
[PlyCount "111"]
[EventDate "2004.08.23"]

1. e4 c5 2. Nf3 d6 3. Bb5+ Bd7 4. Bxd7+ Nxd7 5. O-O g6 6. c3 Ngf6 7. Re1 Bg7 8.
d4 e5 9. dxe5 Nxe5 10. Nxe5 dxe5 11. Qe2 O-O 12. Bg5 Qc7 13. Bxf6 Bxf6 14. c4
Rad8 15. Nc3 Rd4 16. Nb5 Qb6 17. Nxd4 cxd4 18. Red1 Rc8 19. Rac1 Be7 20. g3 Bc5
21. Rd3 Qa6 22. a3 Be7 23. Rdd1 Bd6 24. Qd3 Qa4 25. c5 Rxc5 26. Rxc5 Bxc5 27.
Rc1 b6 28. Qc4 Qxc4 29. Rxc4 a5 30. Kf1 f5 31. f3 Kg7 32. Ke2 fxe4 33. fxe4 Kf6
34. b4 axb4 35. axb4 d3+ 36. Kxd3 Bg1 37. Rc2 Kg5 38. h3 h5 39. Ke2 Bd4 40. Kf3
h4 41. Rc6 hxg3 42. Kxg3 Kh5 43. Rc8 Kg5 44. Rf8 Bc3 45. h4+ Kh6 46. b5 Kg7 47.
Rc8 Bd4 48. Rc6 Be3 49. Kg4 Kf7 50. h5 gxh5+ 51. Kxh5 Ke7 52. Kg4 Bf2 53. Kf5
Bd4 54. Re6+ Kd7 55. Rxe5 Bc3 56. Re6 1-0

[Event "C.to Unione Europea U16"]
[Site "Mureck AUT"]
[Date "2004.08.30"]
[Round "8"]
[White "Fossati, Remigio"]
[Black "McPhillips, Karl"]
[Result "1/2-1/2"]
[WhiteElo "2104"]
[BlackElo "2172"]
[PlyCount "98"]
[EventDate "2004.08.23"]

1. e4 c5 2. Nf3 Nc6 3. d4 cxd4 4. Nxd4 g6 5. c4 Bg7 6. Be3 Nf6 7. Nc3 Ng4 8.
Qxg4 Nxd4 9. Qd1 e5 10. Bd3 O-O 11. O-O b6 12. Ne2 Bb7 13. Nxd4 exd4 14. Bd2
Qh4 15. f3 f5 16. exf5 gxf5 17. c5 Kh8 18. cxb6 axb6 19. Qe1 Qh5 20. Qf2 Be5
21. f4 Bf6 22. Be2 Qg6 23. Bf3 Be4 24. Rfc1 Rfc8 25. Rxc8+ Rxc8 26. Rc1 Rc6 27.
Bd1 Bg7 28. Ba4 Rxc1+ 29. Bxc1 Qd6 30. Bd2 Bf6 31. Bb3 Qc6 32. Qg3 d5 33. Qe1
d3 34. Bc3 d4 35. Bd2 Qe8 36. Qg3 h5 37. Qe1 Qg6 38. Qg3 Qe8 39. Qe1 h4 40. h3
Qg6 41. Qf2 Kg7 42. Bc4 Be7 43. Kh2 Kf8 44. b4 Qd6 45. a4 Bf6 46. Bb3 Bd8 47.
Qf1 Qg6 48. Qf2 Bf6 49. Kg1 Bd8 1/2-1/2

[Event "C.to Unione Europea U16"]
[Site "Mureck AUT"]
[Date "2004.08.30"]
[Round "8"]
[White "Lai, Silvia"]
[Black "Wolfram, Kevin"]
[Result "0-1"]
[WhiteElo "1688"]
[BlackElo "1989"]
[PlyCount "80"]
[EventDate "2004.08.23"]

1. e4 c5 2. d3 g6 3. g3 Bg7 4. Bg2 Nc6 5. f4 d6 6. Nf3 Nf6 7. O-O O-O 8. c3 Bg4
9. Be3 d5 10. Nbd2 d4 11. Bf2 dxc3 12. bxc3 Qxd3 13. Re1 Rfd8 14. e5 Ne8 15.
Qb3 Na5 16. Qa4 Qxc3 17. Rab1 Rxd2 18. Nxd2 Qxd2 19. Bxc5 Bd7 20. Qa3 Bc6 21.
Bxc6 Nxc6 22. Bxe7 Qd4+ 23. Qe3 Qxe3+ 24. Rxe3 Nxe7 25. Rxb7 Nd5 26. Ra3 Bf8
27. Rd3 Nec7 28. Kg2 Bc5 29. Rdb3 Bb6 30. Rb1 Kf8 31. a4 a5 32. R7xb6 Nxb6 33.
Rxb6 Ke7 34. Kh3 Nd5 35. Rb5 Nc3 36. Rb7+ Kf8 37. Kg4 Nxa4 38. Kg5 Nc5 39. Rb6
a4 40. Rc6 a3 0-1

[Event "C.to Unione Europea U16"]
[Site "Mureck AUT"]
[Date "2004.08.31"]
[Round "9"]
[White "Lai, Silvia"]
[Black "Zdziarska, Lidia"]
[Result "1/2-1/2"]
[WhiteElo "1688"]
[BlackElo "1906"]
[PlyCount "122"]
[EventDate "2004.08.23"]

1. e4 c5 2. d3 g6 3. g3 Bg7 4. Bg2 Nc6 5. f4 e6 6. Nf3 d6 7. c3 Nge7 8. Be3 f5
9. Nbd2 Rb8 10. a4 b5 11. axb5 Rxb5 12. Nc4 O-O 13. O-O d5 14. Na3 Rxb2 15. e5
Qb6 16. c4 Rd8 17. Bd2 Ba6 18. Bc3 Rb3 19. Qc2 dxc4 20. Nxc4 Bxc4 21. dxc4 Nd4
22. Nxd4 cxd4 23. Ba5 Qb8 24. Bxd8 Rc3 25. Qa4 Qxd8 26. Qxa7 Rxc4 27. Rfd1 Kf7
28. Ra4 Rxa4 29. Qxa4 d3 30. Qc4 d2 31. Qe2 Bf8 32. Qxd2 Qb6+ 33. Qf2 Qb5 34.
Qd2 g5 35. Qd3 Qa5 36. Qd4 gxf4 37. gxf4 Nd5 38. Qd2 Bc5+ 39. Kh1 Qxd2 40. Rxd2
Nxf4 41. Rd7+ Kg6 42. Bf1 h5 43. h3 Kg5 44. Kh2 Ng6 45. Rc7 Bd4 46. Rc6 Bxe5+
47. Kg2 h4 48. Bc4 Nf4+ 49. Kf3 Kf6 50. Bf1 Ke7 51. Ra6 Bb8 52. Rb6 Be5 53.
Rb7+ Kf6 54. Rh7 Ng6 55. Bc4 Bf4 56. Ba2 e5 57. Rf7+ Kg5 58. Be6 Bg3 59. Rxf5+
Kh6 60. Rf6 Kg5 61. Rf5+ Kh6 1/2-1/2

[Event "C.to Unione Europea U16"]
[Site "Mureck AUT"]
[Date "2004.08.31"]
[Round "9"]
[White "Pudas, Teemu"]
[Black "Fossati, Remigio"]
[Result "0-1"]
[WhiteElo "2070"]
[BlackElo "2104"]
[PlyCount "24"]
[EventDate "2004.08.23"]

1. e4 c5 2. a3 g6 3. b4 Bg7 4. Nc3 b6 5. Rb1 e6 6. Nf3 Ne7 7. Bb2 d6 8. bxc5
bxc5 9. e5 dxe5 10. Ne4 Nbc6 11. Nxc5 O-O 12. d3 Qa5+ 0-1

[Event "XVI Festival A"]
[Site "Porto San Giorgio ITA"]
[Date "2004.08.21"]
[Round "1"]
[White "Aleksic, Nenad"]
[Black "Rossi, Giampiero"]
[Result "1-0"]
[WhiteElo "2395"]
[BlackElo "2012"]
[PlyCount "73"]
[EventDate "2004.08.21"]

1. e4 c5 2. Nf3 e6 3. Nc3 a6 4. d4 cxd4 5. Nxd4 Qc7 6. g3 Nf6 7. Bg2 Be7 8. O-O
O-O 9. Be3 Nc6 10. f4 d6 11. Nxc6 bxc6 12. Na4 Nd7 13. c4 Bb7 14. c5 d5 15. Qc2
Rfe8 16. Rac1 Rad8 17. Rfd1 dxe4 18. Bxe4 Nf6 19. Bf3 Rxd1+ 20. Rxd1 Rd8 21.
Bd4 Nd7 22. b4 Bf6 23. Be3 Nf8 24. Nb6 Rxd1+ 25. Qxd1 Qd8 26. Nc4 Qxd1+ 27.
Bxd1 Ng6 28. Na5 Ba8 29. Be2 Bc3 30. a3 Ne7 31. Bxa6 Nd5 32. Bc1 Kf8 33. Kf2
Ke7 34. Ke2 Kd7 35. Nc4 Kc7 36. Nd6 f5 37. Bc8 1-0

[Event "XVI Festival A"]
[Site "Porto San Giorgio ITA"]
[Date "2004.08.21"]
[Round "1"]
[White "Allegranti, Luca"]
[Black "Efimov, Igor"]
[Result "0-1"]
[WhiteElo "2046"]
[BlackElo "2491"]
[PlyCount "64"]
[EventDate "2004.08.21"]

1. d4 Nf6 2. Nf3 e6 3. e3 c5 4. Bd3 Nc6 5. c3 b6 6. Nbd2 Bb7 7. O-O Qc7 8. Qe2
Be7 9. Re1 O-O 10. a3 e5 11. dxc5 bxc5 12. e4 g6 13. Nf1 Na5 14. Bh6 c4 15. Bc2
Rfe8 16. Rad1 Rab8 17. Bc1 Bc5 18. Ng5 Bf8 19. Qf3 Bg7 20. Ne3 h6 21. Nh3 Nb3
22. Bxb3 Bxe4 23. Qe2 cxb3 24. f3 Bc6 25. Nf2 d5 26. Neg4 Nxg4 27. Nxg4 h5 28.
Nf2 Bb5 29. Qe3 d4 30. cxd4 exd4 31. Qxb3 Be5 32. Qd5 Bc4 0-1

[Event "XVI Festival A"]
[Site "Porto San Giorgio ITA"]
[Date "2004.08.21"]
[Round "1"]
[White "Bini, Lorenzo"]
[Black "Bokros, Albert"]
[Result "0-1"]
[WhiteElo "2031"]
[BlackElo "2470"]
[PlyCount "90"]
[EventDate "2004.08.21"]

1. f4 g6 2. Nf3 Bg7 3. Nc3 d5 4. g3 Nf6 5. e3 O-O 6. Bg2 c5 7. Ne2 Nc6 8. d3
Qd6 9. O-O e5 10. fxe5 Nxe5 11. Nxe5 Qxe5 12. h3 h5 13. Qe1 Bf5 14. Qf2 Rfe8
15. Nf4 Rad8 16. a4 Re7 17. a5 c4 18. Ra3 Rc8 19. Rc3 b5 20. axb6 axb6 21. Ne2
b5 22. b4 Qd6 23. Nd4 Bd7 24. Bd2 Nh7 25. Ra3 Ng5 26. Rfa1 Nxh3+ 27. Bxh3 Bxh3
28. Ra6 Qe5 29. Nf3 Qf5 30. d4 Qxc2 31. Ng5 Bf5 32. R6a3 c3 33. R3a2 Qd3 34.
Bc1 Bh6 35. e4 dxe4 36. Bf4 e3 37. Qe2 c2 38. Qxd3 Bxd3 39. Rc1 Bf5 40. Kf1 h4
41. gxh4 f6 42. d5 fxg5 43. hxg5 Bf8 44. Ra3 Rd7 45. Rxe3 Rxd5 0-1

[Event "XVI Festival A"]
[Site "Porto San Giorgio ITA"]
[Date "2004.08.21"]
[Round "1"]
[White "Cioara, Andrei Nestor"]
[Black "Cecchetto, Vanni"]
[Result "1-0"]
[WhiteElo "2373"]
[BlackElo "1987"]
[PlyCount "83"]
[EventDate "2004.08.21"]

1. e4 c5 2. Nf3 Nc6 3. d4 cxd4 4. Nxd4 Nf6 5. Nc3 e5 6. Ndb5 d6 7. Bg5 a6 8.
Na3 b5 9. Nd5 Be7 10. Bxf6 Bxf6 11. c3 Ne7 12. Nc2 Nxd5 13. Qxd5 Rb8 14. Ne3
O-O 15. Rd1 Be7 16. Qd3 Be6 17. Nd5 Bxd5 18. Qxd5 Qb6 19. Be2 Rbc8 20. O-O Rc5
21. Qb3 Qb7 22. Bf3 Rfc8 23. Rd3 Rc4 24. g3 a5 25. a3 b4 26. cxb4 axb4 27. Rfd1
Qc6 28. axb4 d5 29. exd5 Qd6 30. Rc3 Rxc3 31. bxc3 Qf6 32. Bg4 Rb8 33. Qa4 Rd8
34. c4 e4 35. c5 Qg5 36. Be2 Rxd5 37. Qa8+ Rd8 38. Rxd8+ Bxd8 39. Qxe4 g6 40.
Bc4 Kg7 41. Kg2 Qf6 42. Qd5 1-0

[Event "XVI Festival A"]
[Site "Porto San Giorgio ITA"]
[Date "2004.08.21"]
[Round "1"]
[White "Coqueraut, Jean Dominique"]
[Black "Djuric, Stefan"]
[Result "0-1"]
[WhiteElo "2066"]
[BlackElo "2511"]
[PlyCount "50"]
[EventDate "2004.08.21"]

1. d4 Nf6 2. c4 g6 3. Nc3 d5 4. cxd5 Nxd5 5. Nxd5 Qxd5 6. Nf3 Bg7 7. e3 O-O 8.
Be2 c5 9. O-O Nc6 10. dxc5 Qxc5 11. Qa4 Rd8 12. a3 Be6 13. b4 Qf5 14. Bd2 Bxa1
15. Rxa1 a6 16. Rc1 Bd5 17. Qd1 Bxf3 18. gxf3 Rac8 19. f4 e5 20. Rc2 Nd4 21.
Rxc8 Nxe2+ 22. Qxe2 Qxc8 23. Be1 exf4 24. exf4 Re8 25. Qd2 Qg4+ 0-1

[Event "XVI Festival A"]
[Site "Porto San Giorgio ITA"]
[Date "2004.08.21"]
[Round "1"]
[White "Czebe, Attila"]
[Black "Manganelli, Gianpaolo"]
[Result "1/2-1/2"]
[WhiteElo "2479"]
[BlackElo "2035"]
[PlyCount "48"]
[EventDate "2004.08.21"]

1. d4 d5 2. c4 c6 3. Nf3 Nf6 4. Qc2 dxc4 5. Qxc4 Bf5 6. Nc3 e6 7. g3 Nbd7 8.
Bg2 Be7 9. O-O O-O 10. e3 Ne4 11. Nd2 Nxd2 12. Bxd2 e5 13. Qe2 exd4 14. exd4
Nb6 15. Rfe1 Bf6 16. Bf4 Qxd4 17. Rad1 Qc4 18. Qe3 Bxc3 19. bxc3 Be6 20. Bf1
Nd5 21. Qe5 Qxa2 22. Bg5 Rfe8 23. c4 f6 24. Qd6 Rad8 1/2-1/2

[Event "XVI Festival A"]
[Site "Porto San Giorgio ITA"]
[Date "2004.08.21"]
[Round "1"]
[White "Fioravanti, Diego"]
[Black "Bukal, Vladimir jr"]
[Result "1/2-1/2"]
[WhiteElo "1997"]
[BlackElo "2390"]
[PlyCount "93"]
[EventDate "2004.08.21"]

1. e4 e6 2. d4 d5 3. Nd2 Be7 4. c3 Nf6 5. e5 Nfd7 6. Nb3 c5 7. Be3 cxd4 8. cxd4
Qb6 9. Nf3 a5 10. Qc2 Nc6 11. a3 f5 12. Rd1 O-O 13. g3 a4 14. Nc1 Qa5+ 15. Bd2
Qa7 16. Be3 Nb6 17. Be2 Bd7 18. O-O Na5 19. Nd2 Rfc8 20. Qb1 Nbc4 21. Nxc4 Nxc4
22. Bxc4 Rxc4 23. Nd3 Rac8 24. Rc1 b6 25. Rxc4 Rxc4 26. Rc1 Qa6 27. Nf4 Qb5 28.
Rxc4 dxc4 29. Qc2 g5 30. Ne2 Qd5 31. Nc3 Qf3 32. Qe2 Qxe2 33. Nxe2 b5 34. Bd2
Bc6 35. d5 Bxd5 36. Nd4 Kf7 37. Nxb5 g4 38. Nc3 Bc6 39. Be3 Bd8 40. Kf1 Bc7 41.
Bd4 h5 42. Ke2 Bd8 43. Kd2 h4 44. Ne2 Ba5+ 45. Bc3 Bb6 46. Bd4 Ba5+ 47. Bc3
1/2-1/2

[Event "XVI Festival A"]
[Site "Porto San Giorgio ITA"]
[Date "2004.08.21"]
[Round "1"]
[White "Friedrich, Norbert"]
[Black "Gargano, Lino"]
[Result "1-0"]
[WhiteElo "2319"]
[BlackElo "1920"]
[PlyCount "201"]
[EventDate "2004.08.21"]

1. e4 c5 2. Nf3 g6 3. d4 cxd4 4. Nxd4 Bg7 5. c4 Nc6 6. Be3 Nf6 7. Nc3 Ng4 8.
Qxg4 Nxd4 9. Qd1 e5 10. Bd3 O-O 11. O-O d6 12. Re1 Ne6 13. Bf1 Qd7 14. Nb5 b6
15. Qxd6 Qxd6 16. Nxd6 Bd7 17. Rac1 Rfd8 18. b4 Bc6 19. c5 bxc5 20. bxc5 Bf8
21. Red1 Bxd6 22. cxd6 Bxe4 23. f3 Bb7 24. d7 Kf8 25. Bb5 Ke7 26. a3 f6 27. Bd2
Nd4 28. Bb4+ Ke6 29. Rxd4 exd4 30. Re1+ Kd5 31. Be7 Bc6 32. Bxd8 Bxb5 33. Bxf6
Bxd7 34. Bxd4 Be6 35. Re5+ Kd6 36. Ra5 a6 37. Kf2 Bc4 38. Rc5 Bb5 39. Be3 Re8
40. Rc2 Kd5 41. Rc7 h5 42. Rc5+ Kd6 43. Rc3 Kd5 44. h3 Re6 45. Rc5+ Kd6 46. Rg5
Kc6 47. g4 hxg4 48. fxg4 Kd6 49. Bc5+ Kc6 50. Be3 Kd6 51. h4 Ke7 52. h5 gxh5
53. gxh5 Rf6+ 54. Kg3 Kf7 55. Bf4 Be2 56. Rc5 Re6 57. h6 Bd3 58. Bg5 Bb1 59.
Kf4 Re4+ 60. Kf3 Re6 61. Rc7+ Kg8 62. Bf4 Rf6 63. Rg7+ Kf8 64. Ke3 Rf7 65. Bd6+
Ke8 66. Rg1 Bh7 67. Be5 Re7 68. Kd4 Re6 69. Bg7 Kd7 70. Bf8 Rg6 71. Rf1 Rg4+
72. Kc5 Ke8 73. Bg7 Bd3 74. Rf8+ Ke7 75. Rf3 Bh7 76. Kb6 Ra4 77. Bf8+ Ke8 78.
Bb4 Bc2 79. Rh3 Bh7 80. Rg3 Bc2 81. Rg7 a5 82. Bxa5 Rxa3 83. h7 Bxh7 84. Rxh7
Rf3 85. Bb4 Rf6+ 86. Kc5 Rf7 87. Rh6 Rf5+ 88. Kd6 Kf7 89. Bc3 Rf4 90. Be5 Ra4
91. Rf6+ Kg8 92. Ke6 Ra6+ 93. Bd6 Kg7 94. Rf1 Kg6 95. Rg1+ Kh5 96. Kf5 Kh6 97.
Be5 Kh7 98. Rg7+ Kh6 99. Rc7 Ra5 100. Rc6+ Kh7 101. Rc8 1-0

[Event "XVI Festival A"]
[Site "Porto San Giorgio ITA"]
[Date "2004.08.21"]
[Round "1"]
[White "Frugoli, Francesco"]
[Black "Farago, Ivan"]
[Result "0-1"]
[WhiteElo "2034"]
[BlackElo "2472"]
[PlyCount "120"]
[EventDate "2004.08.21"]

1. d4 Nf6 2. Nf3 e6 3. Bg5 c5 4. e3 h6 5. Bxf6 Qxf6 6. Bd3 Nc6 7. c3 d5 8. O-O
Bd6 9. Nbd2 O-O 10. dxc5 Bxc5 11. e4 Bb6 12. Qe2 Bd7 13. Rad1 Rad8 14. Bc2 g6
15. Nb3 dxe4 16. Bxe4 Kg7 17. Nbd4 Nxd4 18. Nxd4 Bc8 19. Nf3 Qf4 20. Bc2 Bc7
21. Rfe1 b6 22. Qe4 Qxe4 23. Bxe4 f5 24. Bc2 Rxd1 25. Bxd1 Kf6 26. Bb3 e5 27.
Rd1 Rd8 28. Rxd8 Bxd8 29. Kf1 g5 30. Nd2 Bb7 31. Bc2 h5 32. h3 h4 33. f3 b5 34.
Bd3 Bc6 35. Bc2 Bb6 36. Ke2 Bg1 37. Kf1 Be3 38. Ke2 Bf4 39. Bb1 g4 40. Nf1 gxh3
41. gxh3 Kg5 42. Ne3 Bd7 43. Nd1 Bc1 44. Kf2 Kf4 45. Bd3 e4 46. Be2 e3+ 47. Kg2
Bc6 48. b3 a6 49. a4 bxa4 50. bxa4 Bxa4 51. c4 Bc6 52. Nc3 a5 53. Nd5+ Bxd5 54.
cxd5 Ba3 55. Bb5 Bb4 56. d6 Bxd6 57. Bc6 Bb4 58. Kf1 Kg3 59. Ke2 f4 60. Bd7 Kg2
0-1